Movies Quiz

Random Movies or Letter Quiz

Last 25 Years: 'R' Movies Quiz Stats

 Plays Quiz Updated Jan 3, 2017

Challenge
Share
Tweet
Score 0/25 Timer 08:00
0 Plays Today
% Correct
RoboCop
89.9%
The Revenant
88.8%
Ratatouille
88.4%
Ray
87.1%
Rango
82.5%
Ri¢hie Ri¢h
79.4%
Rogue One: A Star Wars Story
78.3%
Runaway Bride
76.1%
Rough Night
64.2%
Ransom
57.8%
Rush
52.7%
Rudy
50.6%
The Reader
45.5%
% Correct
The Royal Tenenbaums
44.7%
The Road
43.9%
Road to Perdition
43.3%
Rob Roy
34.9%
Rent
34.1%
Requiem for a Dream
30.9%
Rushmore
29.8%
Rise of the Guardians
27%
Remember Me
22.2%
Runaway Jury
16.7%
The Rainmaker
16.2%
Running with Scissors
2.6%

You're not logged in!

Compare scores with friends on all Sporcle quizzes.
Join for Free
OR
Log In

You Might Also Like...

Show Comments

Extras

Top Quizzes Today


Score Distribution

Your Account Isn't Verified!

In order to create a playlist on Sporcle, you need to verify the email address you used during registration. Go to your Sporcle Settings to finish the process.

Report this User

Report this user for behavior that violates our Community Guidelines.

Details: